000 01845cam a2200349 i 4500
001 20632576
003 GBCCL
005 20260306124436.0
006 m |o d |
007 cr_|||||||||||
008 180816s2018 txu ob 001 0 eng
020 _z9781481309516 (hardback: alk. paper)
020 _a9781481308694
035 _a20632576
040 _aDLC
_beng
_erda
_cDLC
_dDLC
082 0 0 _a901
_223
_bBEB 1
100 1 _aBebbington, David,
_d1949-
_eauthor.
245 1 0 _aPatterns in history : a Christian perspective on historical thought /
_cDavid W. Bebbington.
250 _aFourth edition.
264 1 _aWaco, Texas :
_bBaylor University Press,
_c[2018]
300 _a233P. ;
500 _aPatterns in History was first published in 1979 by InterVarsity Press (Leicester, England), as Patterns in History: A Christian View. A revised edition entitled Patterns in History: A Christian Perspective on Historical Thought, with new preface and afterword, was first published in 1990 by Baker Book House (Grand Rapids, Michigan) and was reissued in 2000 by Regent College Publishing (Vancouver, Canada), an imprint of the Regent College Bookstore. This fourth edition was first published by Baylor University Press (Waco, Texas) in 2018 and includes a new preface and chapter.
504 _aIncludes bibliographical references and index.
588 _aDescription based on print version record.
650 0 _aHistory
_xReligious aspects
_xChristianity.
650 0 _aHistory
_xPhilosophy.
650 0 _aHistoriography.
776 0 8 _iPrint version:
_aBebbington, David, 1949- author.
_tPatterns in history
_bFourth edition.
_dWaco, Texas : Baylor University Press, [2018]
_z9781481309516
_w(DLC) 2018006528
906 _a7
_bcbc
_corigcop
_d1
_eecip
_f20
_gy-gencatlg
942 _2ddc
_cBK
_n0
999 _c11165
_d11165